Statistics for Most Expensive Soccer Player by Country

Click here to take the quiz!

General Stats

  • This quiz has been taken 19 times
    (9 since last reset)
  • The average score is 29 of 189

Answer Stats

CountryPlayerFrom (Country)To (Country)FeeYear% Correct
BrazilNeymarBarcelona (Spain)PSG (France)€222m2017
88%
SwedenAlexander IsakReal Sociedad (Spain)Newcastle United (England)€70m2022
63%
ArgentinaEnzo FernándezSL Benfica (Portugal)Chelsea (England)€121m2023
63%
WalesGareth BaleTottenham Hotspurs (England)Real Madrid (Spain)€101m2013
63%
EnglandJack GrealishAston Villa (England)Manchester City (England)€117.5m2021
63%
CroatiaJosko GvardiolRb Leipzig (Germany)Manchester City€90m2023
63%
Costa RicaKeylor NavasReal Madrid (Spain)PSG (France)€15m2019
63%
FranceKylian MbappéAS Monaco (France)PSG (France)€180m2018
63%
EgyptMohamed SalahRoma (Italy)Liverpool (England)€42m2017
63%
GabonPierre-Emerick AubameyangBorussia Dortmund (Germany)Arsenal (England)€63.75m2017
63%
MoroccoAchraf HakimiInter Milan (Italy)PSG (France)€68m2021
50%
ChileAlexis SanchezBarcelona (England)Arsenal (England)€42.5m2014
50%
CameroonAndré OnanaInter Milan (Italy)Manchester United (England€52.5m2023
50%
TurkeyArdur TuranAtlético Madrid (Spain)Barcelona (Spain)€34m2015
50%
DenmarkChristian EriksenTottenham Hotspurs (England)Inter Milan (Italy)€27m2019
50%
United StatesChristian PulisicBorussia Dortmund (Germany)Chelsea (England)€64m2018
50%
HungaryDominik SzoboszlaiRb Leipzig (Germany)Liverpool (England)€70m2023
50%
SerbiaDusan VlahovicFiorentina (Italy)Juventus (Italy)€81.6m2022
50%
LiberiaGeorge WeahPSG (France)Milan (Italy)€6.9m1995
50%
SwitzerlandGranit XhakaBorussia Monchengladbach (Germany)Arsenal (England)€45m2016
50%
ArmeniaHenrikh MkhitaryanBorussia Dortmund (Germany)Manchester United (England)€42m2016
50%
PortugalJoao FélixSL Benfica (Portugal)Atlético Madrid (Spain)€127.2m2019
50%
ItalyJorginhoNapoli (Italy)Chelsea (England)€57m2018
50%
GermanyKai HavertzBayer Leverkusen (Germany)Chelsea (England)€75m2021
50%
SpainKepa ArrizabalagaAthletic Bilbao (Spain)Chelsea (England)€80m2018
50%
UruguayLuis SuárezLiverpool (England)Barcelona (Spain)€81.72m2015
50%
UkraineMykhaylo MudrykShakhtar Donetsk (Ukraine)Chelsea (England)€70m2023
50%
Ivory CoastNicolas PépéLille (France)Arsenal (England)€80m2020
50%
AlgeriaRiyad MahrezLeicester City (England)Manchester City (England)€67.8m2018
50%
PolandRobert LewandowskiBayern Munich (Germany)Barcelona (Spain)€45m2022
50%
EcuadorAntonio ValenciaWigan Athletic (England)Manchester United (England)€18.8m2009
38%
BulgariaDimitar BerbatovTottenham Hotspurs (England)Manchester United (England)€38m2012
38%
BelgiumEden HazardChelsea (England)Real Madrid (Spain)€115m2019
38%
IcelandGylfi SigurdssonSwansea City (Wales)Everton (England)€49.4m2017
38%
MexicoHirving LozanoPSV Eindhoven (Netherlands)Napoli (Italy)€45m2019
38%
ColombiaJames RodríguezAS Monaco (France)Real Madrid (Spain)€75m2014
38%
CanadaJonathan DavidKAA Gent (Belgium)LOSC Lille (France)€27m2020
38%
ScotlandKieran TierneyCeltic (Scotland)Arsenal (England)€27m2019
38%
South KoreaMin-jae KimNapoli (Italy)Bayern Munich (Germany)€50m2023
38%
Bosnia and HerzegovinaMiralem PjanicJuventus (Italy)Barcelona (Spain)€60m2020
38%
Czech RepublicPavel NedvedLazio (Italy)Juventus (Italy)€45m2001
38%
SenegalSadio ManéSouthampton (England)Liverpool (England)€41.2m2016
38%
NigeriaVictor OsimhenLille (France)Napoli (Italy)€75m2020
38%
KenyaVictor WanyamaCeltic (Scotland)Southampton (England)€14.5m2013
38%
Democratic Republic of the CongoAaron Wan-BissakaCrystal Palace (England)Manchester United (England)€55m2019
25%
RussiaAleskandr GolovinCSKA Moscow (Russia)AS Monaco (France)€30m2018
25%
IranAlireza JahanbakhshAZ Alkamaar (Netherlands)Brighton & Hove Albion (England)€19m2018
25%
New ZealandChris WoodBurnley (England)Newcastle United (England)€30m2021
25%
Burkina FasoDango OuattaraFC Lorient (France)AFC Bournemouth (England)€22.5m2023
25%
Trinidad and TobagoDwight YorkeAston Villa (England)Manchester United (England)€29.25m1998
25%
TogoEmmnuel AdebayorArsenal (England)Manchester City (England)€29m2009
25%
Central African RepublicGeoffrey KondogbiaAS Monaco (France)Inter Milan (Italy)€36m2015
25%
AustraliaHarry SouttarHull City (England)Leicester City (England)€17m2023
25%
JamaicaLeon BaileyBayer Leverkusen (Germany)Aston Villa (England)€32m2021
25%
South AfricaLyle FosterKVC Westerlo (Belgium)Burnley (England)€11m2023
25%
Dominican RepublicMariano DíázOlympique Lyon (France)Real Madrid (Spain)€21.5m2018
25%
AustriaMarko ArnautovicWest Ham United (England)Shanghai SIPG (China)€25m2019
25%
SlovakiaMartin SkriniarSampdoria (Italy)Inter Milan (Italy)€34m2017
25%
GhanaMichael EssienOlympique Lyon (France)Chelsea (England)€38m2005
25%
GuineaNaby KeitaRb Leipzig (Germany)Liverpool (England)€60m2018
25%
Ireland (Republic)Nathan CollinsWolverhampton Wanderers (England)Brentford (England)€26m2023
25%
ZambiaPatson DakaRB Salzburg (Austria)Leicester City (England)€30m2021
25%
NorwayRasmus HojlundAtalanta (Italy)Manchester United (England€75m2023
25%
MontenegroStevan JoveticFiorentina (Italy)Manchester City (England)€26m2013
25%
MaliYves BissoumaBrighton & Hove Albion (England)Tottenham Hotspurs (England)€29.2m2022
25%
RomaniaAdrian MutuAC Parma (Italy)Chelsea (England)€19m2003
13%
BelarusAleksandr HlebArsenal (England)Barcelona (Spain)€17m2008
13%
SloveniaBenjamin SeskoRB Salzburg (Austria)RB Leipzig (Germany)€24m2023
13%
AngolaHélder CostaWolverhampton Wanderers (England)Leeds United (England)€17.7m2020
13%
Northern IrelandJamal LewisNorwich City (England)Newcastle United (England)€16.5m2020
13%
GreeceKonstantinos ManolasAS Roma (Italy)Napoli (Italy)€36m2019
13%
North KoreaKwang-song HanJuventus U23 (Italy)Al-Duhail SC (Qatar)€7m2020
13%
BoliviaMarcelo MorenoCruzeiro (Brazil)Shakhtar Donetsk (Ukraine)€9m2008
13%
ZimbabweMarvelous NakambaClub Brugge (Belgium)Aston Villa (England)€12m2019
13%
JordanMousa Al-TamariAPOEL Nicosia (Cyprus)OH Leuven (Belgium)€1.1m2020
13%
BermudaNahki WellsHuddersfield Town (England)Burnley (England)€5.4m2017
13%
CubaOnel HernándezEintracht Braunschweig (Germany)Norwich City (England)€3.1m2018
13%
EstoniaRagnar KlavanFC Augsburg (Germany)Liverpool (England)€5m2016
13%
BurundiSaido BerahinoWest Bromwich Albion (England)Stoke City (England)€13.9m2016
13%
VenezuelaSalomón RondónWest Bromwich Albion (England)DL Pro (China)€18.27m2019
13%
JapanShoya NakajimaPortimonense (Portugal)Al-Duhail SC (Qatar)€35m2019
13%
BeninSteve MouniéMontpellier (France)Huddersfield Town (England)€13m2017
13%
KosovoVedat MuriqiFenerbahce (Turkey)Lazio (Italy)€21m2020
13%
HondurasWilson PalaciosWigan Athletic (England)Tottenham Hotspurs (England)€15m2009
13%
MauritaniaAboubakar KamaraAmiens FC (France)Fulham (England)€6m2017
0%
GuamAdolph Joseph DeLaGarzaLos Angeles Galaxy (U.S.A)Houston Dyanmo (U.S.A)€165k2017
0%
LibyaAhmad BenaliPescara (Italy)Crotone (Italy)€1.5m2018
0%
KazakhstanAlexander MerkelAC Milan (Italy)Genoa (Italy)€6.5m2011
0%
IraqAli AdnanCaykur Rizespor (Turkey)Udinese Calcio (Italy)€2.2m2015
0%
OmanAli Al-HabsiBotlon Wanderers (England)Wigan Athletic (England)€4.3m2011
0%
MaldivesAli AshfaqBrunei DPMM FC (Brunei)VB Sports Club (Maldives)€13k2008
0%
TanzaniaAlly SmattaKRC Genk (Belgium)Aston Villa (England)€10.5m2020
0%
IndiaApuiaNorthEast United (India)Mumbai City (India)€228k2021
0%
NicaraguaAriagner SmithReal Estelí FC (Nicaragua)Spartaks (Latvia)€20k2018
0%
LatviaArtjoms RudnevsLech Poznan (Poland)Hamburger SV (Germany)€3.5m2012
0%
TurkmenistanArtur GevorkyanNasaf Qarshi (Turkmenistan)Loko Tashkent (Turkmenistan)€250K2016
0%
MoldovaArtur IonitaHellas Verona (Italy)Cagliari Calcio (Italy)€4.5m2016
0%
TunisiaAymen AbdennourAS Monaco (France)Valencia (Spain)€22m2015
0%
Equatorial GuineaBenjamínReal Valladolid (Spain)Real Betis (Spain)€10.2m1998
0%
PanamaBlas PérezHércules CF (Spain)Tigres UANL (Mexico)€2.2m2008
0%
EswatiniBonginkosi DlaminiRoyal Leopards (Eswatini)Mbabane Highlanders (Eswatini)€5k2022
0%
JerseyBrett PitmanAFC Bournemouth (England)Bristol City (England)€980k2010
0%
GrenadaCameron JeromeBirmingham City (England)Stoke City (England)€4.5m2011
0%
GuyanaCarl CortWimbledon FC (England)Newcastle United (England)€10.5m2000
0%
ChadCasimir NingaSM Caen (France)Angers SCO (France)€3m2019
0%
ThailandChanathip SongkrasinH. C. Sapporo (Japan)Kawasaki Front. (Japan)€3.5m2022
0%
ChinaChengdong ZhangBeijing Guoan (China)Hebei FC (China)€20.44m2017
0%
LuxembourgChristopher Martins PereiraBSC Young Boys (Switzerland)Spartak Moscow (Russia)€7m2022
0%
CongoChristopher SambaAnzhi (Russia)Queens Park Rangers (England)€15m2013
0%
MacaoDani PintoCoimbra (Portugal)Uniao Coimbra (Portugal)€100k1982
0%
GibraltarDanny HigginbothamStoke City (England)Sunderland€3.75m2007
0%
St. LuciaDavid HenryLynx FC (Gibraltar)San Gwann FC (Malta)€12k2016
0%
BhutanDawa Tshering Jr.Transport United (Bhutan)Thimphu City FC (Bhutan)€3k2020
0%
Antigua and BarbudaDexter BlackstockQueens Park Rangers (England)Nottingham Forest€1.8m2009
0%
MalaysiaDion CoolsClub Brugge (Belgium)FC Midtjylland (Denmark)€1m2020
0%
BotswanaDipsy SelolwaneSantos FC (South Africa)Jomo Cosmos (South Africa)€800k2007
0%
ComorosDjamel BakarAS Monaco (France)AS Nancy (France)€2.5m2009
0%
LithuaniaEdgaras CesnauskisFC Moscow (Russia)Dinamo Moscow (Russia)€4.2m2010
0%
TajikstanEkhson PandzhshanbeNavbahor (Turkmenistan)Zob Ahan (Iran)€350k2022
0%
UzbekistanEldor ShomurodovGenoa (Italy)AS Roma (Italy)€18m2021
0%
North MacedoniaEljif ElmasFernbahce (Turkey)Napoli (Italy)€16.2m2019
0%
MartiniqueEmmanuel RiviereAS Monaco (France)Newcastle United (England)€6.32m2014
0%
French GuianaFlorent MaloudaOlympique Lyon (France)Chelsea (England)€19m2007
0%
PhilipinesGerrit HoltmannEintracht Braunschweig (Germany)1.FSV Mains 05 (Germany)€3m2016
0%
KyrgyzstanGulzhigit AlykulovNeman Grdono (Belarus)Kairat Almaty (Kazakhstan)€400k2020
0%
BahamasHappy HallIMG Bradenton (U.S.A)MPSC (Trinidad and Tobago)€500k2009
0%
EritreaHenok GoitomCiudad Murcia (Spain)Real Murcia (Spain)€3m2007
0%
UgandaIbrahim SekagyaArsenal Sarandí (Argentina)RB Salzburg (Austria)€2m2007
0%
SingaporeIkhsan FandiJerv (Norway)Bangkok Pathum United (Thailand)€48k2022
0%
RwandaJean-Paul LutulaDC Motema Pembe (DR Congo)FC Brussel (Belgium)€400k2007
0%
HaitiJeff LouisAS Nancy (France)Standard Liége (Belgium)€2.4m2014
0%
MadagascarJérémy MorelFC Lorient (France)Olympique Marseille (France)€2.5m2011
0%
IndonesiaJordi AmatEspanyol (Spain)Swansea City (Wales)€2.9m2013
0%
Peurto RicoJoseph AcevedoUnknownCriollos (Peurto Rico)€100K2016
0%
American SamoaJoseph ChoiPago Youth (American Samoa)Green Bay FC (American Samoa)€252017
0%
MalawiJoseph KamwendoMighty Wanderers FC (Malawi)Orlando Pirates (South Africa)€700k2007
0%
ArubaJoshua JohnTwente FC (Netherlands)Nordsjaelland (Denmark)€550k2013
0%
ParaguayJuan IturbeHellas Verona (Italy)AS Roma (Italy)€24.5m2014
0%
PeruJuan Manuel VargasCatania (Italy)Fiorentina (Italy)€12m2008
0%
CuracaoJurgen LocadiaPSV Eindhoven (Netherlands)Brighton & Hove Albion€17m2018
0%
GermanyKakhabar KaladzeDyanmo Kyiv (Ukraine)Milan (Italy)€16m2001
0%
United Arab EmiratesKhamis EsmaeelAl-Jazira (UAE)Al-Ahli (UAE)€8.7m2016
0%
MauritiusLindsay RoseValenciennes FC (France)
Olympique Lyon (France)
Olympique Lyon (France)
FC Lorient (France)
€1.5m2014
2016
0%
Sao Tome and PrincipeLuis LealEstoril Praia (Portugal)Al-Ahli (Saudi Arabia)€700k2013
0%
PalestineMahmoud WadiEl Masry (Egypt)Pyramids FC (Egypt)€975k2020
0%
TahitiMarama VahiruaOGC Nice (France)FC Lorient (France)€1.2m2007
0%
AlbaniaMarash KumbullaHellas Verona (Italy)AS Roma (Italy)€26.5m2021
0%
GuatemalaMarco PappaChicago Fire (U.S.A)Heerenveen (Netherlands)€700k2012
0%
LiechtensteinMario FrickHellas Verona (Italy)Ternana (Italy)€2.5m2003
0%
Cayman IslandsMartin O'ConnorPeterborough (England)Birmingham (England)€580k1996
0%
NetherlandsMatthijs de LigtAjax (Netherlands)Barcelona (Spain)€86m2019
0%
SeychellesMichael MancienneChelsea (England)Hamburger SV (Germany)€2.5m2011
0%
CyprusMichalis KonstantinouIraklis (Greece)Panathinaikos (Greece)€8m2001
0%
SudanMo EisaPeterborough (England)Milton Keynes Dons (England)€1.5m2021
0%
Sierra LeoneMohamed KallonVicenza (Italy)Inter Milan (Italy)€13m2001
0%
KuwaitMohammad DahamAl-Nasr SC (Kuwait)Kuwait SC (Kuwait)€596k2023
0%
NigerMoussa MaazouKSC Lokeren (Belgium)CSKA Moscow (Russia)€4.8m2009
0%
IsraelMunas DabburRB Salzburg (Austria)Sevilla FC (Spain)€17m2019
0%
The GambiaMusa BarrowAtalanta BC (Italy)Bologna (Italy)€14.34m2021
0%
El SalvadorNelson BonillaPort FC (Thailand)Bangkok United (Thailand)€800k2018
0%
Hong KongNok-Hang LeungMeizhou Hakka (China)Zheijiang FC (China)€1.91m2021
0%
Faroe IslandsOdmar FaeroB36 Tórshavn (Faroe Islands)HamKam (Norway)€150k2019
0%
SyriaOmar KhribinAl-Dhafra FC (UAE)Al-Ahli (Saudi Arabia)€5m2017
0%
AfghanistanOmran HaydaryOlimpia Grudziadz (Poland)Lechia Gdansk (Poland)€125k2020
0%
FijiOsea VakatalesauLautoka FC (Fiji)Hekari United (Papau New Guinea)€21k2010
0%
GuadeloupePascal ChimbondaWigan Athletic (England)Tottenham Hotspurs€10m2006
0%
Guinea-BissauPeléRio Ave (Portugal)AS Monaco (France)€7.2m2018
0%
San MarinoPietro MagnaniCesena U17 (Italy)Vicenza U19 (Italy)€2m2014
0%
MozambiqueReinildo MandavaLOSC Lille (France)Atlético Madrid (Spain)€3m2022
0%
AzerbaijanRichard AlmeydaSanto André (Brazil)Qarabag (Azerbaijan)€1.28m2012
0%
QatarRodrigo TabataGaziantepspor (Turkey)Besiktas (Turkey)€8m2009
0%
CambodiaRolandoFC Porto (Portugal)Olympique Marseille (France)€1.5m2015
0%
St. Kitts & NevisRomaine SawyersBrentford (England)West Bromwich Albion (England)€3.2m2019
0%
FinlandRoman EremenkoDynamo Kyiv (Ukraine)Rubin Kazan (Russia)€12.9m2011
0%
NamibiaRudolf BesterMaritzburg United (South Africa)Orlando Pirates (South Africa)€200k2011
0%
MontserratRuel FoxNewcastle United (England)Tottenham Hotspurs (England)€4.75m1995
0%
BangladeshTariq KaziIlves (Finland)Bashundhara Kings (Bangladesh)€30k2019
0%
MaltaTeddy TeumaRed Star FC (France)Union Saint Gilloise (Beglium)€350k2019
0%
BahrainThiago FernandesManama Club (Bahrain)FELDA United (U.S.A)€180k2015
0%
VietnamVan Lam DangHai Phong FC (Vietnam)Muangthong United (Thailand)€450k2019
0%
GreenlandVitus KofoedFC Copenhagen (Denmark)Bronshoj BK (Denmark)€100k2004
0%
EthiopiaWalid AttaNK Lokomotiva (Croatia)Dinamo Zagreb (Croatia)€1.2m2011
0%
Saint-MartinWilfried DalmatRAEC Mons (Belgium)Standard Liége (Beligum)€800k2008
0%
Chinese TaipeiXavier ChenKV MechelenGuangzhou Renhe€1m2013
0%
Saudi ArabiaYahia Al-ShehriEttifaq FC (Saudi Arabia)Al-Nassr FC (Saudi Arabia)€9.8m2013
0%
SurinameYanic WildschutWigan Athletic (England)Norwich City (England)€8.2m2017
0%
LebanonYoussef Mohamed1.FC Koln (Germany)Al-Ahli (UAE)€2.53m2011
0%
MyanmarZaw Min TunMagwe FC (Myanmar)Yadanarbon FC (Myanmar)€116k2012
0%
Cape VerdeZé LuísSpartak Moscow (Russia)FC Porto (Portugal)€10.75m2020
0%

Score Distribution

Percentile by Number Answered

Percent of People with Each Score

Your Score History

You have not taken this quiz since the last reset